000 00545nam a2200133Ia 4500
008 220216s9999 xx 000 0 und d
100 _aRani S U
245 0 _aRemote plantation management (RPM) of Karimplavelil rubber plantations, Punalur, Kerala: A case study
260 _bIRC 2012. International Rubber Conference, 28-31 October 2012, Kovalam, India, Rubber Research Institute of India, Kottayam and IRRDB, Malaysia: Abstracts. pp.221.
650 _aRubber plantation management
700 _aOommen B
700 _aThomas J
942 _cJS
999 _c66733
_d66733